| 000 | 00524nam a22001937a 4500 | ||
|---|---|---|---|
| 999 |
_c7903 _d7903 |
||
| 003 | OSt | ||
| 005 | 20220728123058.0 | ||
| 008 | 220728b ||||| |||| 00| 0 eng d | ||
| 020 | _a9781439876459 | ||
| 040 | _cDDC | ||
| 082 | _a553.2 DAN 2013 | ||
| 100 |
_aDandekar, Abhijit _916054 |
||
| 245 | _aPetroleum Reservoir Rock and Fluid Properties | ||
| 250 | _a2nd ed. | ||
| 260 |
_aBoca Raton: _bTaylor and Francis ; _c2013 |
||
| 300 |
_axviii,502: _bill; _c28cm. |
||
| 650 |
_aPetroleum Reservoir _916055 |
||
| 942 |
_2ddc _cBOOK |
||